书目信息 |
| 题名: |
赵佶瘦金书临习技法精解
|
|
| 作者: | 周世闻 编著 | |
| 分册: | ||
| 出版信息: | 郑州 中州古籍出版社 2020.6 |
|
| 页数: | 81页 | |
| 开本: | 34cm | |
| 丛书名: | 历代名家碑帖临习技法精解 | |
| 单 册: | ||
| 中图分类: | J292.112.5 , J292.113.3 | |
| 科图分类: | ||
| 主题词: | 楷书--书法--中国--宋代 | |
| 电子资源: | ||
| ISBN: | 978-7-5348-5889-5 | |
| 000 | 00996nam 2200277 45 | |
| 001 | 489800 | |
| 005 | 20140818162810.0 | |
| 010 | @a978-7-5348-5889-5@dCNY30.00 | |
| 099 | @aCAL 012017079444 | |
| 100 | @a20170515d2016 em y0chiy0110 ea | |
| 101 | 0 | @achi |
| 102 | @aCN@b410000 | |
| 105 | @ah z 000yy | |
| 106 | @ar | |
| 200 | 1 | @a赵佶瘦金书临习技法精解@Azhao ji shou jin shu lin xi ji fa jing jie@f周世闻编著 |
| 210 | @a郑州@c中州古籍出版社@d2020.6 | |
| 215 | @a81页@c摹真@d34cm | |
| 225 | 2 | @a历代名家碑帖临习技法精解@Ali dai ming jia bei tie lin xi ji fa jing jie |
| 330 | @a本书以赵佶的《秾芳诗帖》、《宣和御书》《瘦金书千字文》为范本,给初学者以技法指导,重点在于对所选的每个字的用笔、结构、用墨等方面的技法进行分析。 | |
| 461 | 0 | @12001 @a历代名家碑帖临习技法精解 |
| 606 | 0 | @a楷书@x书法@y中国@z宋代 |
| 690 | @aJ292.112.5@v5 | |
| 690 | @aJ292.113.3@v5 | |
| 701 | 0 | @a周世闻@Azhou shi wen@4编著 |
| 801 | @aCN@b江苏凤凰@c20211018 | |
| 905 | @b1356424-7@dJ292.112.5@e725@f4 | |
| 赵佶瘦金书临习技法精解/周世闻编著.-郑州:中州古籍出版社,2020.6 |
| 81页:摹真;34cm.-(历代名家碑帖临习技法精解) |
| ISBN 978-7-5348-5889-5:CNY30.00 |
| 本书以赵佶的《秾芳诗帖》、《宣和御书》《瘦金书千字文》为范本,给初学者以技法指导,重点在于对所选的每个字的用笔、结构、用墨等方面的技法进行分析。 |
| ● |
| 相关链接 |
|
|
|
|
正题名:赵佶瘦金书临习技法精解
索取号:J292.112.5/725
 
预约/预借
| 序号 | 登录号 | 条形码 | 馆藏地/架位号 | 状态 | 备注 |
| 1 | 1356424 | 213564249 | 第一样本阅览室/ [索取号:J292.112.5/725] | 在馆 | |
| 2 | 1356425 | 213564258 | 第一借阅区/ [索取号:J292.112.5/725] | 在馆 | |
| 3 | 1356426 | 213564267 | 第一借阅区/ [索取号:J292.112.5/725] | 在馆 | |
| 4 | 1356427 | 213564276 | 第一借阅区/ [索取号:J292.112.5/725] | 在馆 |